1250 1726 1912 1387 1657 1710 1067 1313 1395 1238 1109 1422 1852 1078 1531 1631 1679 1101 1422 1911 1501 1449 1548 1723 1056 1368 1971 1766 1825 1460 1442 1136 1448 1711 1726 1948 1241 1795 1159 1733 1478 1381 1891 1272 1991 1071 1823 1553 1446 1140 1884 1399 1484 1915 1711 1858 1748 1639 1384 1355 1643 1807 1634 1736 1622 1251 1964 1631 1845 1090 1192 1745 1186 1579 1294 1946 1360 1402 1111 1074 1013 1240 1977 1424 1417 1376 1461 1550 1504 1218 1063 1735 1916 1418 1274 1761 1818 1265 1873 BCNSPRNW ULIB Ver.6.0+V

เปลี่ยนเป็นภาษาไทย

Change to English
 แสดงรายละเอียดบรรณานุกรม
  กลับหน้าหลัก

Brief Record : Get Marc (ISO 2709) : E-mail record : QR code < ปิดหน้าต่าง
LEADER : 00000nam 2200000uu 4500
001    13399120427
003     ULIB
008    120920s2552||||th 000 0 tha d
020    ^a9789748377834
060 04 ^aWB115^bจ251ก 2552
245 00 ^aการดูแลผู้ป่วยนอกทางอายุรศาสตร์ /^c[คณะบรรณาธิการ]จันทราภา ศรีสวัสดิ์ ... [และคนอื่นๆ]
250    ^aพิมพ์ครั้งที่ 1
260    ^aกรุงเทพฯ :^bโครงการตำรา วิทยาลัยแพทยศาสตร์พระมงกุฎเกล้า,^c2552
300    ^a530 หน้า :^bภาพประกอบ ;^c27 ซม.
650  7 ^aอายุรศาสตร์^vรวมเรื่อง
650  7 ^aการรักษาโรค^vรวมเรื่อง
650  7 ^aผู้ป่วยนอก^xการรักษา
650  7 ^aผู้ป่วยนอกของโรงพยาบาล^xการดูแล
700 0  ^aจันทราภา ศรีสวัสดิ์,^eบรรณาธิการ
710 2  ^aวิทยาลัยแพทยศาสตร์พระมงกุฏเกล้า. ^bโครงการตำรา
945    ^p0^l0^i16644
945    ^p0^l0^i16645
945    ^p0^l0^i16008
945    ^p0^l0^i16009
945    ^p0^l0^i16215
945    ^p0^l0^i16010
995    ^aกัณชพร
999 ^a ใช้งานได้ทุกระบบ
รายการนี้ยังไม่มีแท็ก
คุณยังไม่ได้ล็อกอิน คุณสามารถมีกิจกรรมร่วมกับเว็บไซต์ได้ แต่ต้องล็อกอินก่อน ::
  ล็อกอิน

รายการสื่อสารสนเทศ

ลำดับที่ ประเภท เลขเรียก/บาร์โค้ด สถานที่ สถานะ
1. วิทยาศาสตร์การแพทย์ และสุขภาพ
วิทยาศาสตร์การแพทย์ และสุขภาพ
สถานะ=หนังสือเก่า
WB115 จ251ก 2552 ฉ.2 
  Barcode: 16645
ห้องสมุดวิทยาเขตนครสวรรค์
►ส่วนจัดเก็บหนังสือเก่า นว.
บนชั้น
  ขอยืม

BibComment


ยังไม่เคยถูกคอมเมนท์

คอมเมนท์ทรัพยากรรายการนี้
  คอมเมนท์: การดูแลผู้ป่วยนอ..


 Copyright 2026. Bcnsprnw @Library